Managing front office operations

Gespeichert in:
Bibliographische Detailangaben
1. Verfasser: Kasavana, Michael L.
Weitere Verfasser: Brooks, Richard M.
Format: Buch
Sprache:Englisch
Veröffentlicht: Lansing Educational Institute American Hotel & Lodging Association 2005
Ausgabe:7th ed.
Schriftenreihe:Educational Institute Books
Schlagworte:
Tags: Tag hinzufügen
Keine Tags, Fügen Sie das erste Tag hinzu!

MARC

LEADER 00000nam$a2200000$$$4500
001 0066553
005 20240311125317.8
020 |a 0-86612-265-6 
020 |a 978-0-86612-265-8 
041 0 |a eng 
044 |a US 
245 1 0 |a Managing front office operations  |c Michael L. Kasavana, Richard M. Brooks 
250 |a 7th ed. 
264 1 |a Lansing  |b Educational Institute American Hotel & Lodging Association  |c 2005 
300 |a 645 s. 
490 1 |a Educational Institute Books 
830 0 |a Educational Institute Books 
610 2 0 |a pohostinstvo 
610 2 0 |a hotely 
610 2 0 |a reštaurácie 
610 2 0 |a turistika 
610 2 0 |a operácie obchodné 
610 2 0 |a registrácia 
610 2 0 |a komunikácia 
610 2 0 |a služby obyvateľstvu 
610 2 0 |a ubytovanie 
610 2 0 |a bezpečnosť 
610 2 0 |a vedenie účtovníctva 
610 2 0 |a kontrola 
610 2 0 |a hospodárenie podnikové 
610 2 0 |a audit 
610 2 0 |a plánovanie 
610 2 0 |a tržby 
610 2 0 |a manažment 
610 2 0 |a riadenie ľudských zdrojov 
610 2 0 |a štúdie prípadové 
100 1 |a Kasavana, Michael L. 
700 1 |a Brooks, Richard M.